Educational research in Norway in the twentieth century. (Record no. 34429)

MARC details
000 -LEADER
fixed length control field 01276cam a22002891 4500
001 - CONTROL NUMBER
control field hew63000090
003 - CONTROL NUMBER IDENTIFIER
control field DLC
005 - DATE AND TIME OF LATEST TRANSACTION
control field 20260227111512.0
008 - FIXED-LENGTH DATA ELEMENTS--GENERAL INFORMATION
fixed length control field 761029s1963 dcu f000 0 eng
010 ## - LIBRARY OF CONGRESS CONTROL NUMBER
LC control number hew63000090
035 ## - SYSTEM CONTROL NUMBER
System control number (OCoLC)2539279
040 ## - CATALOGING SOURCE
Original cataloging agency DLC
Transcribing agency NhPlS
Modifying agency OCoLC
-- ISS
-- OCoLC
-- DLC
050 00 - LIBRARY OF CONGRESS CALL NUMBER
Classification number L111
Item number .A6 1963, no. 41
051 ## - LIBRARY OF CONGRESS COPY, ISSUE, OFFPRINT STATEMENT
Classification number LB1028
Item number .S2
086 0# - GOVERNMENT DOCUMENT CLASSIFICATION NUMBER
Classification number FS 5.214:14093
100 1# - MAIN ENTRY--PERSONAL NAME
Personal name Sandven, Johannes.
245 10 - TITLE STATEMENT
Title Educational research in Norway in the twentieth century.
260 ## - PUBLICATION, DISTRIBUTION, ETC.
Place of publication, distribution, etc. [Washington]
Name of publisher, distributor, etc. U.S. Dept. of Health, Education, and Welfare, Office of Education; [for sale by the Superintendent of Documents, U.S. Govt. Print Off.,
Date of publication, distribution, etc. 1963]
300 ## - PHYSICAL DESCRIPTION
Extent v, 31 p.
Dimensions 24 cm.
410 10 - SERIES STATEMENT/ADDED ENTRY--CORPORATE NAME [OBSOLETE, CAN/MARC], [LOCAL, USA]
Corporate name or jurisdiction name as entry element United States.
Subordinate unit Office of Education.
Title of a work Bulletin,
Volume number/sequential designation 1963, no. 41.
490 1# - SERIES STATEMENT
Series statement Studies in comparative education
500 ## - GENERAL NOTE
General note "OE-14093"
501 ## - WITH NOTE
With note Copies 1 and 4 of L111.A6 with: Visually handicapped child at home and school / John Walker Jones. Washington : U.S. Dept. of Health, Education and Welfare, Office of Education, 1963. Bound together subsequent to publication.
Institution to which field applies DLC
504 ## - BIBLIOGRAPHY, ETC. NOTE
Bibliography, etc. note Bibliography: p. 25-31.
650 #0 - SUBJECT ADDED ENTRY--TOPICAL TERM
Topical term or geographic name entry element Education
General subdivision Research
Geographic subdivision Norway.
810 1# - SERIES ADDED ENTRY--CORPORATE NAME
Corporate name or jurisdiction name as entry element United States.
Subordinate unit Office of Education.
Title of a work Studies in comparative education.

No items available.

Powered by Koha